Statistics for Name All Green Flags

Click here to take the quiz!

General Stats

  • This quiz has been taken 11 times
  • The average score is 62 of 96

Answer Stats

ContinentAnswer% Correct
India
90%
South Africa
90%
AfricaAlgeria
80%
Brazil
80%
Cote d'Ivoire
80%
Eritrea
80%
Iran
80%
Iraq
80%
Ireland
80%
Libya
80%
Mozambique
80%
Niger
80%
Nigeria
80%
Pakistan
80%
Saudi Arabia
80%
Syria
80%
Tanzania
80%
Belarus
70%
Benin
70%
South AmericaBolivia
70%
Burkina Faso
70%
Burundi
70%
Comoros
70%
Congo
70%
Ecuador
70%
Equatorial Guinea
70%
Ethiopia
70%
Gabon
70%
Gambia
70%
Ghana
70%
Guinea
70%
Guinea-Bissau
70%
Guyana
70%
Jordan
70%
Kuwait
70%
Lebanon
70%
Lithuania
70%
Madagascar
70%
Mali
70%
Mauritania
70%
Mauritius
70%
Mexico
70%
Nicaragua
70%
Oman
70%
Paraguay
70%
Rwanda
70%
Sao Tome and Principe
70%
Seychelles
70%
Sierra Leone
70%
South Sudan
70%
Sudan
70%
Suriname
70%
Togo
70%
Zambia
70%
Zimbabwe
70%
AsiaBangladesh
60%
North AmericaBelize
60%
Bulgaria
60%
Cameroon
60%
Central African Republic
60%
Costa Rica
60%
Djibouti
60%
El Salvador
60%
OceaniaFiji
60%
Guatemala
60%
Hungary
60%
Italy
60%
Kenya
60%
Lesotho
60%
Malawi
60%
Morocco
60%
Portugal
60%
Senegal
60%
Sri Lanka
60%
United Arab Emirates
60%
EuropeAzerbaijan
50%
Cyprus
50%
Dominica
50%
Dominican Republic
50%
Haiti
50%
Maldives
50%
Montenegro
50%
Myanmar
50%
Namibia
50%
Peru
50%
Saint Kitts and Nevis
50%
Saint Vincent and the Grenadines
50%
San Marino
50%
Solomon Islands
50%
Tajikistan
50%
Turkmenistan
50%
Vanuatu
50%
Grenada
40%
Jamaica
40%
Uzbekistan
40%
Palestine
10%

Score Distribution

Percentile by Number Answered

Percent of People with Each Score

Your Score History

You have not taken this quiz